000 00217nam a2200085Ia 4500
008 120527s9999 xx 000 0 und d
100 _aFeldman, S.Robert
245 _aThe Psychology student's survival guide
942 _cBK
999 _c27432
_d27432